[Event "IECC Swiss-545"]
[Site "IECC email"]
[Date "2010.02.10"]
[Round "?"]
[White "Duteau, Jean Henri"]
[Black "Bascetta, Biagio J"]
[Result "0-1"]
[WhiteElo "1526"]
[BlackElo "1919"]
[PlyCount "78"]
[EventDate "2010.??.??"]
[EventType "match (corr)"]
[SourceTitle "Corr 2013"]
[Source "ChessBase"]
[SourceDate "2012.11.12"]
[SourceVersion "1"]
[SourceVersionDate "2012.11.12"]
[SourceQuality "1"]
[WhiteTeam "Australia"]
[BlackTeam "Australia"]
[WhiteTeamCountry "AUS"]
[BlackTeamCountry "AUS"]

1. e4 e6 2. d3 d5 3. Nd2 Nf6 4. Ngf3 b6 5. c3 Be7 6. e5 Nfd7 7. d4 c5 8. Bb5 Ba6 9. a4 Bb7 10. 0-0 Nc6 11. Re1 a6 12. Bxc6 Bxc6 13. a5 b5 14. dxc5 Nxc5 15. Nd4 Bb7 16. Qg4 Kf8 17. b4 Na4 18. Re3 h5 19. Nxe6+ fxe6 20. Rf3+ Ke8 21. Qxe6 Rf8 22. Qg6+ Kd7 23. Ra3 d4 24. Rd3 Qe8 25. Qg3 h4 26. Rxd4+ Kc7 27. Qg4 Rd8 28. Nf3 Bxf3 29. gxf3 Qc6 30. Be3 Rxd4 31. cxd4 Qxf3 32. Qxf3 Rxf3 33. d5 Kd7 34. Rb3 g5 35. e6+ Ke8 36. Rd3 Nb2 37. Rd4 Nc4 38. Kg2 Rf5 39. Kh3 Bf6 0-1

[Event "IECC CL5-2009.17 email"]
[Site "IECC email"]
[Date "2009.08.15"]
[Round "?"]
[White "Cuaycong, Virgilio"]
[Black "Duteau, Jean Henri"]
[Result "1/2-1/2"]
[WhiteElo "1568"]
[BlackElo "1828"]
[PlyCount "65"]
[EventDate "2009.??.??"]
[EventType "tourn (corr)"]
[EventRounds "4"]
[SourceTitle "Telechess CBM 137"]
[Source "ChessBase"]
[SourceDate "2010.07.15"]
[SourceVersion "1"]
[SourceVersionDate "2010.07.15"]
[SourceQuality "1"]
[WhiteTeam "Philippines"]
[BlackTeam "Canada"]
[WhiteTeamCountry "PHI"]
[BlackTeamCountry "CAN"]

1. d4 Nf6 2. c4 g6 3. Nc3 Bg7 4. Nf3 d6 5. e4 0-0 6. Be2 e5 7. 0-0 exd4 8. Nxd4 Re8 9. f3 c6 10. Kh1 Nbd7 11. Bg5 h6 12. Bh4 Ne5 13. Nc2 Qe7 14. c5 dxc5 15. f4 Neg4 16. e5 Nxe5 17. fxe5 Qxe5 18. Bg3 Qg5 19. Bf4 Qh4 20. Qe1 Qxe1 21. Raxe1 Nd5 22. Nxd5 cxd5 23. Bf3 Be6 24. b3 g5 25. Bg3 Bc3 26. Re3 Bg7 27. Rd1 Bf5 28. Rxe8+ Rxe8 29. Re1 Rxe1+ 30. Nxe1 Be4 31. Bxe4 dxe4 32. Bd6 Bf8 33. Bxf8 1/2-1/2

[Event "IECC CL6-2007.16 email"]
[Site "IECC email"]
[Date "2007.12.07"]
[Round "?"]
[White "Duteau, Jean Henri"]
[Black "Hooper, Thomas Jr"]
[Result "1-0"]
[WhiteElo "1244"]
[BlackElo "1295"]
[PlyCount "85"]
[EventDate "2007.??.??"]
[EventType "tourn (corr)"]
[EventRounds "4"]
[SourceTitle "Corr 2011"]
[Source "ChessBase"]
[SourceDate "2010.08.31"]
[SourceVersion "1"]
[SourceVersionDate "2010.08.31"]
[SourceQuality "1"]
[WhiteTeam "Italy"]
[BlackTeam "Chile"]
[WhiteTeamCountry "ITA"]
[BlackTeamCountry "CHI"]

1. e4 e5 2. Nf3 Nc6 3. d3 Nf6 4. g3 Bc5 5. Bg2 0-0 6. 0-0 h6 7. Nbd2 d6 8. c3 a6 9. b4 Ba7 10. Bb2 Re8 11. a4 Bd7 12. b5 axb5 13. axb5 Ne7 14. c4 c6 15. d4 exd4 16. Nxd4 Ng6 17. bxc6 bxc6 18. Nf5 Bxf5 19. exf5 Ne7 20. Bxf6 gxf6 21. Qg4+ Kf8 22. Ne4 Ng8 23. Rad1 Bb8 24. Nxd6 Bxd6 25. c5 Ra6 26. Rxd6 Qa5 27. Qd4 Re5 28. Rd8+ Re8 29. Qd6+ Ne7 30. Rxe8+ Kxe8 31. Qxf6 Qxc5 32. Rd1 Nd5 33. Bxd5 cxd5 34. Qxa6 d4 35. g4 Kf8 36. Qxh6+ Ke8 37. Rc1 Qd5 38. Rc8+ Ke7 39. Qf8+ Kf6 40. Qh6+ Ke7 41. Qh4+ f6 42. Qh7+ Kd6 43. Qc7# 1-0

[Event "IECC M-5005"]
[Site "IECC email"]
[Date "2004.04.08"]
[Round "?"]
[White "Behr, Robert"]
[Black "Duteau, Jean Henri"]
[Result "0-1"]
[WhiteElo "1126"]
[BlackElo "1091"]
[PlyCount "62"]
[EventDate "2004.??.??"]
[EventType "tourn (corr)"]
[EventRounds "10"]
[SourceTitle "Corr 2020"]
[Source "ChessBase"]
[SourceDate "2019.09.30"]
[SourceVersion "1"]
[SourceVersionDate "2019.09.30"]
[SourceQuality "1"]
[WhiteTeam "France"]
[BlackTeam "Canada"]
[WhiteTeamCountry "FRA"]
[BlackTeamCountry "CAN"]

1. d4 Nf6 2. Nf3 g6 3. Nbd2 Bg7 4. e4 d6 5. Bc4 0-0 6. 0-0 Nc6 7. c3 e5 8. d5 Ne7 9. h3 Bd7 10. Re1 Nh5 11. Nf1 c6 12. Bg5 cxd5 13. exd5 h6 14. Bh4 b5 15. Bb3 g5 16. Nxg5 hxg5 17. Bxg5 Nf6 18. Ng3 Nh7 19. Be3 Nf5 20. Nh5 Nxe3 21. Rxe3 Bh6 22. Rg3+ Kh8 23. Rf3 Qh4 24. Rg3 Ng5 25. Bc2 f5 26. f4 exf4 27. Qd4+ Kh7 28. Nf6+ Kg6 29. Nxd7 Qxg3 30. Kf1 Rf7 31. Qd3 f3 0-1

[Event "IECC CL8-2003.23 email"]
[Site "IECC email"]
[Date "2003.11.07"]
[Round "?"]
[White "Duteau, Jean Henri"]
[Black "Mitchell, TT."]
[Result "1-0"]
[WhiteElo "1007"]
[BlackElo "961"]
[PlyCount "41"]
[EventDate "2003.??.??"]
[EventType "tourn (corr)"]
[EventRounds "4"]
[SourceTitle "Corr 2008"]
[Source "ChessBase"]
[SourceDate "2008.06.24"]
[SourceVersion "1"]
[SourceVersionDate "2008.06.24"]
[SourceQuality "1"]

1. Nf3 b6 2. e4 Bb7 3. Nc3 f6 4. d4 e6 5. Nh4 g6 6. d5 exd5 7. Nxd5 c6 8. Nf4 Ne7 9. Bd3 Bh6 10. 0-0 0-0 11. Ne6 dxe6 12. Bxh6 Rf7 13. Bc4 Nd5 14. exd5 exd5 15. Bb3 Re7 16. Qg4 Re4 17. Qxe4 Na6 18. Qe6+ Kh8 19. Qf7 Qg8 20. Qxf6+ Qg7 21. Qxg7# 1-0